| 000 | 00525nam a2200205Ia 4500 | ||
|---|---|---|---|
| 003 | 0100 | ||
| 008 | 130303s9999 xx 000 0 und d | ||
| 040 | _cARRUPELIB | ||
| 050 | _aBS1505.2.W413 1991 | ||
| 100 | _aWestermann, Claus | ||
| 245 | _aBasic forms of prophetic speech | ||
| 260 | _aCamberidge | ||
| 260 | _bThe Lutterworth Press | ||
| 260 | _C1991 | ||
| 300 | _axvi | ||
| 300 | _b 222p. 23cm. | ||
| 650 | _bBulu (African people) | ||
| 700 | _aWhite, Clayton Hugh tr. ; Tucker, Gene M. | ||
| 942 |
_2lcc _01 |
||
| 999 |
_c60742 _d60742 |
||